000 00528nam a2200157 4500
001 126716
003 ES-MaACL
005 20230906192851.0
007 t|
008 070214s1969 sp r ||||1| spa d
245 0 0 _aResumen del estudio socio-económico de la diócesis de Guadix-Baza /
_cCáritas Diocesana, Plan Social Diocesano.
260 _aGranada :
_bCáritas Diocesana,
_c1969.
300 _a70 p., 2 lám. :
_bil. ;
_c24 cm.
700 1 _aCáritas Diocesana de Granada.
_935251
852 _aES-MaACL
_jC-44100
_bR.72715
999 _c126716
_d126716